Títeres y niños

Sparad:
Bibliografiska uppgifter
Huvudupphovsman: Bernardo, Mané (Författare, medförfattare)
Materialtyp: Bok
Språk:spanska
Publicerad: Buenos Aires Eudeba 1962
Serie:La Escuela en el tiempo. Cuadernos de la primaria, 8
Ämnen:
Taggar: Lägg till en tagg
Inga taggar, Lägg till första taggen!

MARC

LEADER 00000nam a2200000 a 4500
001 UCW4593
003 CL-VaPUC
008 900604e19620000AG |||||||||||||||||spa|d
082 0 4 |a 791.53  |b BER  |2 21 
100 |a Bernardo, Mané  |e author  |9 468988 
245 1 0 |a Títeres y niños 
300 |a 59 p 
942 |c BK 
945 |d 19900604 00:00:00 
260 |a Buenos Aires  |b Eudeba  |c 1962 
650 7 |a TITERES Y TEATRO DE TITERES  |2 CL-VaPUC  |9 309353 
650 7 |a TEATRO ESCOLAR E INFANTIL  |2 CL-VaPUC  |9 309354 
583 |a last modification  |c 19900604 00:00:00  |k Rodrigo Vera 
490 0 |a La Escuela en el tiempo. Cuadernos de la primaria, 8 
999 |c 218273  |d 218271 
952 |0 0  |1 0  |4 0  |6 791_530000000000000_BER_1962  |7 0  |8 P  |9 207489  |a BIBEDU  |b BIBEDU  |d 2019-11-15  |i 2753200  |o 791.53 BER 1962  |p 2753200  |r 2019-11-15  |w 2019-11-15  |y BK  |k EDU 
952 |0 0  |1 0  |4 0  |6 791_530000000000000_BER_1962  |7 0  |8 P  |9 207490  |a BIBEDU  |b BIBEDU  |d 2019-11-15  |i 1551086  |o 791.53 BER 1962  |p 1551086  |r 2019-11-15  |w 2019-11-15  |y BK  |k EDU 
952 |0 0  |1 0  |4 0  |6 791_530000000000000_BER_1962  |7 0  |8 P  |9 207491  |a BIBEDU  |b BIBEDU  |c BIBEDU_PB  |d 2019-11-15  |i 1551094  |o 791.53 BER 1962  |p 1551094  |r 2024-01-25  |w 2019-11-15  |y BK  |k EDU